Industrial relations and labour laws / (Record no. 234242)
[ view plain ]
| 000 -LEADER | |
|---|---|
| fixed length control field | 00763nam a22002297a 4500 |
| 005 - DATE AND TIME OF LATEST TRANSACTION | |
| control field | 20250426113503.0 |
| 008 - FIXED-LENGTH DATA ELEMENTS--GENERAL INFORMATION | |
| fixed length control field | 250426b |||||||| |||| 00| 0 eng d |
| 020 ## - INTERNATIONAL STANDARD BOOK NUMBER | |
| International Standard Book Number | 9789351611660 |
| 040 ## - CATALOGING SOURCE | |
| Transcribing agency | AIMIT LIBRARY |
| 082 ## - DEWEY DECIMAL CLASSIFICATION NUMBER | |
| Edition number | 1 |
| Classification number | 331.8 |
| Item number | TRIP |
| 100 ## - MAIN ENTRY--PERSONAL NAME | |
| Personal name | Tripathi, P C. |
| 9 (RLIN) | 208890 |
| 245 ## - TITLE STATEMENT | |
| Title | Industrial relations and labour laws / |
| Statement of responsibility, etc. | By P.C. Tripathi, C.B. Gupta and N.D. Kapoor. |
| 250 ## - EDITION STATEMENT | |
| Edition statement | 1st ed. |
| 260 ## - PUBLICATION, DISTRIBUTION, ETC. | |
| Place of publication, distribution, etc. | New Delhi : |
| Name of publisher, distributor, etc. | Sultan Chand and Sons, |
| Date of publication, distribution, etc. | 2020. |
| 300 ## - PHYSICAL DESCRIPTION | |
| Extent | viii,325p.; |
| Other physical details | PB |
| Dimensions | 25 cm. |
| 650 ## - SUBJECT ADDED ENTRY--TOPICAL TERM | |
| Topical term or geographic name entry element | Trade unions |
| 9 (RLIN) | 208891 |
| 650 ## - SUBJECT ADDED ENTRY--TOPICAL TERM | |
| Topical term or geographic name entry element | Collective bargaining |
| 9 (RLIN) | 208892 |
| 650 ## - SUBJECT ADDED ENTRY--TOPICAL TERM | |
| Topical term or geographic name entry element | Employee discipline |
| 9 (RLIN) | 208893 |
| 650 ## - SUBJECT ADDED ENTRY--TOPICAL TERM | |
| Topical term or geographic name entry element | Employee compensation |
| 9 (RLIN) | 208894 |
| 650 ## - SUBJECT ADDED ENTRY--TOPICAL TERM | |
| Topical term or geographic name entry element | Labour welfare and social security |
| 9 (RLIN) | 208895 |
| 942 ## - ADDED ENTRY ELEMENTS (KOHA) | |
| Source of classification or shelving scheme | Dewey Decimal Classification |
| Koha item type | Book |
| Call number prefix | 331.8 TRIP |
| Withdrawn status | Lost status | Source of classification or shelving scheme | Damaged status | Not for loan | Collection code | Home library | Current library | Shelving location | Date acquired | Source of acquisition | Cost, normal purchase price | Inventory number | Total Checkouts | Full call number | Barcode | Date last seen | Cost, replacement price | Price effective from | Koha item type |
|---|---|---|---|---|---|---|---|---|---|---|---|---|---|---|---|---|---|---|---|
| Dewey Decimal Classification | MBA | St Aloysius Institute of Management & Information Technology | St Aloysius Institute of Management & Information Technology | Industrial relations | 03/14/2025 | Biblios Book Point | 495.00 | Bill.no:7467; Bill.dt:2025/03/11 | 331.8 TRIP | MBA15060 | 05/23/2026 | 420.75 | 04/26/2025 | Book | |||||
| Dewey Decimal Classification | MBA | St Aloysius Institute of Management & Information Technology | St Aloysius Institute of Management & Information Technology | Industrial relations | 03/14/2025 | Biblios Book Point | 495.00 | Bill.no:7467; Bill.dt:2025/03/11 | 331.8 TRIP | MBA15061 | 05/23/2026 | 420.75 | 04/26/2025 | Book |